المغنى فى ابواب التوحيد والعدل: (Record no. 65366)
[ view plain ]
| 000 -الفاتح | |
|---|---|
| حقل البيانات ثابتة الطول | 01026nam a2200253Ia 4500 |
| 005 - وقت وتاريخ اخر تعامل مع التسجيلة | |
| رقم الضبط | 20240530110821.0 |
| 008 - عناصر البيانات ثابتة الطول - معلومات عامة | |
| حقل البيانات ثابتة الطول | 140319s9999 xx 000 0 ara d |
| 040 ## - مصدر الفهرسة | |
| وكالة الفهرسة الأصلية | GCL / |
| وكالة النسخ | GCL |
| 082 04 - رقم تصنيف ديوى العشرى | |
| رقم التصنيف | 240/ |
| رقم المادة | هـ م |
| 100 1# - المدخل الرئيسى - إسم شخصى | |
| الإسم الشخصى | الهمذانى، ابو الحسن عبدالجبار بن احمد بن عبدالجبار بن احمد الاسد ابادى |
| 245 12 - بيان العنوان | |
| العنوان | المغنى فى ابواب التوحيد والعدل: |
| بقية العنوان | الشرعيات / |
| بيان المسئوليه,etc | القاضى ابى الحسن عبدالجبار ؛ اشراف طه حسين ؛ حرر نصة امين الخولى |
| 260 ## - PUBLICATION, DISTRIBUTION, ETC. (IMPRINT) | |
| تاريخ النشر أو التوزيع | 1963 |
| 300 ## - الوصف المادى | |
| التعداد | 386 ص |
| 650 04 - المدخل الاضافى بالموضوع-مصطلح موضوعى | |
| مصطلح موضوعي | الاجتهاد |
| 650 04 - المدخل الاضافى بالموضوع-مصطلح موضوعى | |
| مصطلح موضوعي | الشريعة الاسلامية |
| 650 04 - المدخل الاضافى بالموضوع-مصطلح موضوعى | |
| مصطلح موضوعي | التوحيد |
| 650 04 - المدخل الاضافى بالموضوع-مصطلح موضوعى | |
| مصطلح موضوعي | الاجماع |
| 650 04 - المدخل الاضافى بالموضوع-مصطلح موضوعى | |
| مصطلح موضوعي | علم الكلام |
| 650 04 - المدخل الاضافى بالموضوع-مصطلح موضوعى | |
| مصطلح موضوعي | القياس والعقوبات |
| 700 0# - المدخل الاضافى - اسم شخصى | |
| الإسم الشخصى | طه حسين |
| الدور | مشرف |
| 700 0# - المدخل الاضافى - اسم شخصى | |
| الإسم الشخصى | امين الخولى |
| الدور | محرر |
| 942 ## - عناصر المدخل الإضافي( كوها) | |
| مصدر التصنيف او مخطط الترفيف | Dewey Decimal Classification |
| Koha [default] item type | كتاب |
| 260 ## - PUBLICATION, DISTRIBUTION, ETC. (IMPRINT) | |
| -- | [S.N] : |
| -- | وزارة الثقافة والارشاد القومى ، |
| حالة التراجع | حالة الفقد | مصدر التصنيف او خطة الترفيف | حالة تلف | ليس للاعارة | المكان المؤقت | الموقع الحالى | تاريخ الاكتساب | اجمالي اﻻعارات | رقم الطلب | الباركود | تاريخ اخر مشاهدة | تاريخ تفعيل السعر | نوع وعاء كوها |
|---|---|---|---|---|---|---|---|---|---|---|---|---|---|
| ddc | مكتبة القاهرة الكبرى | مكتبة القاهرة الكبرى | 07/13/2019 | 240/هـ م | 166149 | 07/13/2019 | 07/13/2019 | كتاب |

